Traduction de vocabulaire anglais/anglais-americain - Statistiques

Statistiques générales
  • Ce quiz a été pris 100 fois
  • Le résultat moyen est 8 sur 15
Statistiques - réponses
Hint Réponse % Correct
Film Movie
92%
Trousers Pants
81%
Football Soccer
76%
Holidays Vacations
69%
Chips French fries
68%
Autumn Fall
64%
Petrol Gas
62%
Courgette Zucchini
58%
Eraser Rubber
51%
Lift Elevator
49%
Aubergine Egg-plant
45%
Trainers Sneakers
36%
Flat Apartment
35%
Candy floss Cotton candy
24%
Bill Check
20%
Aucun quiz correspondant
Distribution des résultats
% des personnes avec chaque résultat
Percentile par nombre de réponses
Votre historique - résultats
Vous n’avez pas pris ce quiz